Statistics for Last 10 Liverpool fc Player of the years

Click here to take the quiz!

General Stats

  • This quiz has been taken 434 times
  • The average score is 7 of 10

Answer Stats

YearAnswer% Correct
2009Gerrard
97%
2014Suarez
92%
2013Suarez
92%
2017Mane
83%
2008Torres
82%
2016Coutinho
77%
2015Coutinho
77%
2010Reina
42%
2012Skrtel
30%
2011Lucas
17%

Score Distribution

Percentile by Number Answered

Percent of People with Each Score

Your Score History

You have not taken this quiz